000 00495nam a2200181Ia 4500
001 20717
005 20260306172826.0
008 260306t1997||||xx |||||||||||||| ||spa||
041 _aESP
082 _a343.7
_bL55
100 _aEditora Normas Legales
_eAUT
245 0 _aLey de normas generales de procedimientos administrativos:
_bT.U.O Decreto Supremo Nº 02-94-JUS
260 _c1997
300 _a135 páginas :
_c24 cm.
650 _aGEN
654 _aCDE
942 _cLIB
_dJUS
_fJUS
_2ddc
_n
999 _c20717
_d20717